| 000 | 00990nam a2200241Ia 4500 | ||
|---|---|---|---|
| 003 | GCL | ||
| 008 | 140319s9999 xx 000 0 ara d | ||
| 040 |
_aGCL / _cGCL |
||
| 082 | 0 | 4 |
_aد _b050 _bم س |
| 245 | 1 | 0 | _aالسياسة الدولية163 يناير 2006 ( السياسة الدولية فى اربعين عاما ) |
| 260 |
_aالقاهرة : _bمؤسسة الاهرام |
||
| 650 | 0 | 4 | _aالسياسة الدولية |
| 650 | 0 | 4 | _aصدام حسين |
| 650 | 0 | 4 | _aالكوارث الطبيعية |
| 650 | 0 | 4 | _aفلسطين - الوضع الدولى |
| 650 | 0 | 4 | _aالسودان - العلاقات الخارجية |
| 650 | 0 | 4 | _aالارهاب - اوروبا |
| 650 | 0 | 4 | _aافريقيا - الاحوال الاقتصادية |
| 650 | 0 | 4 | _aافريقيا - الاحوال السياسية |
| 650 | 0 | 4 | _aالصين - العلاقات الخارجية - الولايات المتحدة الامريكية |
| 650 | 0 | 4 | _aالانتخابات - العراق |
| 942 |
_2ddc _cCR |
||
| 999 |
_c7837 _d7837 |
||